000 00584nam a2200217Ia 4500
003 OSt
005 20220928151049.0
006 a|||||r|||| 00| 0
007 ta
008 220927b |||||||| |||| 00| 0 eng d
024 _a111879
037 _cTextual
040 _aSDCL
_cSDCL
_beng
041 _2eng
_aeng
082 _aO15,1x(Delta25)NNP, M2
100 _aNambudiripada Ottur Unni
_9516387
245 0 _aRadhakrishnarasayanama.
260 _c1982
942 _hO15,1x(Delta25)NNP, M2
_cTEXL
_2CC
999 _c848816
_d848816